000 01516nam a2200301 a 4500
001 000017926
005 20240306073909.0
008 100407s2006 dr 001 0 spa d
020 _a9945160737
040 _aDO-SdBNP
_bspa
_cBNPHU
082 _a923.57293
_bG633C
100 1 _aCastro Ventura, Santiago
_91837
245 1 0 _aMáximo Gómez :
_bdel abismo a la gloria /
_cSantiago Castro Ventura ; prólogo Francisco M. Berroa Ubiera.
260 _aSanto Domingo :
_bBúho,
_c2006.
300 _a310 p. ;
_c23 cm.
500 _aIncluye índice onomástico
504 _aIncluye referencias bibliográficas y notas al pie de las páginas
504 _aBibliografía: p. 289-299
505 2 _aPrólogo -- Introducción -- Capítulo 1. Antecedentes dominicanos -- Capítulo 2. Realidad y desengaño -- Capítulo 3. El fragor de la guerra -- Capítulo 4. De occidente al Zanjón -- Capítulo 5. Destierro militante -- Capítulo 6. Rebrote insurgente -- Capítulo 7. La tea bendita arropa la isla -- Capítulo 8. Hacia la República de Cuba -- Bibliografía consultada -- Índice onomástico.
600 1 0 _aGómez, Máximo,
_d1836-1905
_912249
600 1 0 _aMartí, José,
_d1853-1895
_9645
600 1 4 _aMACEO, ANTONIO,
_d1845-1896
_95593
651 4 _aCuba
_xHistoria
_yGUERRA DE LOS DIEZ AÑOS, 1868-1878
_911018
651 4 _aCuba
_xHistoria
_yGUERRA DE INDEPENDENCIA, 1895-1898
_911019
700 1 _aBerroa Ubiera, Francisco M.,
_epról.
_938894
910 _aValidado. Control de calidad BNPHU
049 _aBNPD
999 _c17450
_d17450